[Event "GER-chT U20"]
[Site "Magdeburg"]
[Date "2023.12.28"]
[Round "3.7"]
[White "Gerold, Robin"]
[Black "Dietz, Maximilian"]
[Result "1/2-1/2"]
[WhiteElo "1532"]
[BlackElo "1463"]
[PlyCount "115"]
[EventDate "2023.12.26"]
[EventType "team-swiss"]
[EventRounds "7"]
[EventCountry "GER"]
[SourceTitle "CBM 218 Extra"]
[Source "ChessBase"]
[SourceDate "2024.03.31"]
[SourceVersion "1"]
[SourceVersionDate "2024.03.31"]
[SourceQuality "1"]
[WhiteTeam "Biberach"]
[BlackTeam "Magdeburg USC"]
[WhiteTeamCountry "GER"]
[BlackTeamCountry "GER"]

1. d4 d5 2. Bf4 Nf6 3. e3 e6 4. Nf3 c5 5. c3 Qb6 6. Qc2 Nc6 7. Nbd2 Bd7 8. Be2 Nh5 9. Bg3 Nxg3 10. hxg3 h6 11. g4 g6 12. g5 0-0-0 13. 0-0-0 c4 14. gxh6 Bxh6 15. Rh2 f5 16. Rdh1 Bg7 17. Ng5 Rxh2 18. Rxh2 Rh8 19. Rxh8+ Bxh8 20. f4 Nd8 21. Ndf3 Be8 22. Qd1 Qd6 23. Qh1 Qf8 24. Qh3 Bg7 25. Ne5 Qh8 26. Bd1 Qxh3 27. gxh3 Bxe5 28. dxe5 b5 29. b3 a5 30. Kb2 Kd7 31. a4 Ke7 32. axb5 Bxb5 33. bxc4 dxc4 34. Ka3 Nc6 35. Ba4 Na7 36. Nf3 Bxa4 37. Kxa4 Nc6 38. Kb5 Kd7 39. Kxc4 Kc7 40. h4 Kb6 41. Kb3 Kc5 42. Nd2 Kb5 43. c4+ Kc5 44. Ka4 Nb4 45. Kxa5 Nc2 46. e4 Nd4 47. exf5 Nxf5 48. Ne4+ Kd4 49. Ng5 Kxc4 50. Kb6 Kd5 51. Kc7 Nxh4 52. Kd7 Ng2 53. f5 gxf5 54. Nxe6 Kxe5 55. Ng5 f4 56. Kc6 Kf5 57. Nf3 Ne3 58. Kc5 1/2-1/2

[Event "GER-chT U20"]
[Site "Magdeburg"]
[Date "2023.12.27"]
[Round "1.5"]
[White "Gerold, Robin"]
[Black "Kolzenburg, Jan Niklas"]
[Result "0-1"]
[WhiteElo "1532"]
[BlackElo "1621"]
[PlyCount "78"]
[EventDate "2023.12.26"]
[EventType "team-swiss"]
[EventRounds "7"]
[EventCountry "GER"]
[SourceTitle "CBM 218 Extra"]
[Source "ChessBase"]
[SourceDate "2024.03.31"]
[SourceVersion "1"]
[SourceVersionDate "2024.03.31"]
[SourceQuality "1"]
[WhiteTeam "Biberach"]
[BlackTeam "Neuberg"]
[WhiteTeamCountry "GER"]
[BlackTeamCountry "GER"]

1. d4 Nf6 2. Nf3 e6 3. Bf4 b6 4. e3 Bb7 5. Nbd2 Be7 6. c3 Nh5 7. Bg3 0-0 8. Be2 f5 9. Qc2 Na6 10. 0-0-0 Nf6 11. h3 c5 12. Rhg1 Nc7 13. Bd3 d5 14. Ne5 c4 15. Be2 b5 16. f3 b4 17. Nb1 a5 18. Kd2 Nce8 19. Ke1 Nd6 20. Nd2 Nh5 21. Bh2 f4 22. Bxf4 Rxf4 23. exf4 Bh4+ 24. g3 Bxg3+ 25. Rxg3 Nxg3 26. Nf1 Qh4 27. Nxg3 Qxg3+ 28. Kd2 Qxf4+ 29. Ke1 Nf5 30. Rb1 Rf8 31. Bf1 Rf6 32. Qd2 Qh4+ 33. Qf2 Qf4 34. Qd2 Qg3+ 35. Qf2 Qg5 36. Qd2 Qh5 37. cxb4 axb4 38. Qxb4 Nxd4 39. Ng4 Nc2+ 0-1

[Event "GER-chT U20"]
[Site "Braunschweig"]
[Date "2019.12.28"]
[Round "3.3"]
[White "Von Angern, Cedric"]
[Black "Gerold, Robin"]
[Result "1-0"]
[WhiteElo "1867"]
[BlackElo "1448"]
[PlyCount "149"]
[EventDate "2019.12.27"]
[EventType "team-swiss"]
[EventRounds "7"]
[EventCountry "GER"]
[SourceTitle "CBM 194 Extra"]
[Source "ChessBase"]
[SourceDate "2020.03.31"]
[SourceVersion "1"]
[SourceVersionDate "2020.03.31"]
[SourceQuality "1"]
[WhiteTeam "Magdeburg Aufbau Elbe"]
[BlackTeam "Biberach"]
[WhiteTeamCountry "GER"]
[BlackTeamCountry "GER"]

1. e4 c5 2. Nf3 Nc6 3. d4 cxd4 4. Nxd4 g6 5. c4 Bg7 6. Be3 Nf6 7. Nc3 0-0 8. Be2 Re8 9. 0-0 b6 10. Qd2 Bb7 11. f3 e6 12. Rfd1 d5 13. Nxc6 Bxc6 14. cxd5 exd5 15. exd5 Nxd5 16. Nxd5 Qxd5 17. Qxd5 Bxd5 18. Kf2 Be6 19. Bd4 Red8 20. Bxg7 Kxg7 21. a3 Rac8 22. Rxd8 Rxd8 23. Rd1 Rxd1 24. Bxd1 Kf6 25. Ke3 Ke5 26. f4+ Kd5 27. Bb3+ Kd6 28. Bxe6 Kxe6 29. Ke4 f5+ 30. Kd4 Kd6 31. b3 a6 32. b4 Ke6 33. a4 Kd6 34. h3 h6 35. a5 bxa5 36. bxa5 Kc6 37. Ke5 Kb5 38. g4 Kxa5 39. gxf5 gxf5 40. Kxf5 Kb5 41. Kg6 a5 42. f5 a4 43. f6 a3 44. f7 a2 45. f8Q a1Q 46. Qf5+ Kc4 47. Kxh6 Qh8+ 48. Kg5 Qg8+ 49. Kf4 Qb8+ 50. Kf3 Qb3+ 51. Kg4 Qd1+ 52. Kg5 Qd8+ 53. Kg6 Qg8+ 54. Kh5 Qh8+ 55. Kg4 Qg7+ 56. Qg5 Qd7+ 57. Kg3 Qd3+ 58. Kh4 Qh7+ 59. Kg4 Qd7+ 60. Qf5 Qg7+ 61. Kf3 Qc3+ 62. Kf4 Qd2+ 63. Ke5 Qd5+ 64. Kf6 Qd8+ 65. Kg7 Qd4+ 66. Qf6 Qg1+ 67. Kh7 Qb1+ 68. Qg6 Qb7+ 69. Kh8 Qh1 70. Qg4+ Kc5 71. Qg5+ Kd6 72. Qf6+ Kc5 73. h4 Qa8+ 74. Kg7 Qb7+ 75. Kh6 1-0

[Event "GER-chT U20"]
[Site "Osnabrueck"]
[Date "2018.12.28"]
[Round "4.4"]
[White "Gerold, Robin"]
[Black "Gabler, Eric"]
[Result "0-1"]
[WhiteElo "1511"]
[BlackElo "2103"]
[PlyCount "76"]
[EventDate "2018.12.27"]
[EventType "team-swiss"]
[EventRounds "7"]
[EventCountry "GER"]
[SourceTitle "CBM 188 Extra"]
[Source "ChessBase"]
[SourceDate "2019.02.28"]
[SourceVersion "1"]
[SourceVersionDate "2019.02.28"]
[SourceQuality "1"]
[WhiteTeam "Biberach"]
[BlackTeam "Regensburg Bavaria"]
[WhiteTeamCountry "GER"]
[BlackTeamCountry "GER"]

1. e4 c5 2. Nf3 Nc6 3. Bb5 g6 4. Bxc6 dxc6 5. d3 Bg7 6. 0-0 e5 7. Be3 b6 8. Nc3 Ne7 9. Qd2 0-0 10. Bh6 f6 11. h3 Qe8 12. Bxg7 Kxg7 13. Nh2 g5 14. Ne2 Be6 15. Qd1 h5 16. Ng3 Rh8 17. f3 Qg6 18. Rf2 Rag8 19. Ngf1 Qh6 20. Qe2 Ng6 21. Qd2 Nf4 22. Ng3 Kf7 23. Nf5 Bxf5 24. exf5 g4 25. fxg4 hxg4 26. Rxf4 exf4 27. Re1 gxh3 28. g4 fxg3 29. Qxh6 gxh2+ 30. Kxh2 Rxh6 31. Re6 Rg2+ 32. Kh1 h2 33. Kxg2 h1Q+ 34. Kf2 Rh2+ 35. Ke3 Qe1+ 36. Kf3 Rf2+ 37. Kg3 Qg1+ 38. Kh4 Rh2# 0-1

[Event "Baden Wuerttemberg-chT U16"]
[Site "Burg Ortenberg"]
[Date "2018.06.23"]
[Round "1.4"]
[White "Aptyka, Tim"]
[Black "Gerold, Robin"]
[Result "0-1"]
[WhiteElo "1363"]
[BlackElo "1479"]
[PlyCount "76"]
[EventDate "2018.06.23"]
[EventType "team-tourn"]
[EventRounds "3"]
[EventCountry "GER"]
[SourceTitle "EXT 2019"]
[Source "ChessBase"]
[SourceDate "2018.10.10"]
[SourceVersion "1"]
[SourceVersionDate "2018.10.10"]
[SourceQuality "1"]
[WhiteTeam "Hohentuebingen U16"]
[BlackTeam "Heilbronn Biberach U16"]
[WhiteTeamCountry "GER"]
[BlackTeamCountry "GER"]

1. e4 c6 2. d4 d5 3. exd5 cxd5 4. c4 Nc6 5. Nc3 Nf6 6. Bf4 Bf5 7. Nf3 e6 8. Bd3 Bg4 9. Be2 dxc4 10. h3 Bxf3 11. Bxf3 Rc8 12. Bxc6+ Rxc6 13. 0-0 Bd6 14. Bg5 Be7 15. Re1 0-0 16. d5 exd5 17. Nxd5 Nxd5 18. Bxe7 Nxe7 19. Qxd8 Rxd8 20. Rxe7 Rb6 21. Rc1 Kf8 22. Rc7 Rxb2 23. R1xc4 Kg8 24. Rd4 Rf8 25. Rdd7 Rxa2 26. Rxb7 a5 27. Ra7 g6 28. Rd5 Rc8 29. f3 Rc1+ 30. Kh2 Rcc2 31. Rg5 a4 32. Rg4 a3 33. Rf4 Rxg2+ 34. Kh1 Rgd2 35. Rg4 Ra1+ 36. Rg1 Rxg1+ 37. Kxg1 a2 38. Rxa2 Rxa2 0-1

[Event "GER-chT U14"]
[Site "Verden an der Aller"]
[Date "2017.12.29"]
[Round "6.4"]
[White "Gerold, Robin"]
[Black "Schilz, Luna"]
[Result "1-0"]
[WhiteElo "1319"]
[BlackElo "1204"]
[PlyCount "105"]
[EventDate "2017.12.26"]
[EventType "team-swiss"]
[EventRounds "7"]
[EventCountry "GER"]
[SourceTitle "CBM 182 Extra"]
[Source "ChessBase"]
[SourceDate "2018.02.23"]
[SourceVersion "1"]
[SourceVersionDate "2018.02.23"]
[SourceQuality "1"]
[WhiteTeam "Biberach"]
[BlackTeam "Konz Karthaus"]
[WhiteTeamCountry "GER"]
[BlackTeamCountry "GER"]

1. e4 e5 2. Nf3 Nc6 3. g3 Bc5 4. Bg2 Nf6 5. d3 h6 6. 0-0 d6 7. Nc3 Bg4 8. Be3 Nd4 9. Bxd4 Bxd4 10. Qd2 Bb6 11. Nd1 0-0 12. Ne3 Be6 13. Qe2 d5 14. exd5 Nxd5 15. Nxe5 Re8 16. N5c4 Nxe3 17. Nxe3 c6 18. Rfe1 Bd5 19. Bxd5 cxd5 20. Qf3 d4 21. Nc4 Rb8 22. Qf4 Bc7 23. Rxe8+ Qxe8 24. Qxc7 Qf8 25. Nd6 Rd8 26. Nxb7 Rc8 27. Qd7 Rxc2 28. Re1 Rc8 29. Nd6 Rd8 30. Qxd8 Qxd8 31. Re8+ Qxe8 32. Nxe8 Kf8 33. Nd6 a6 34. f4 g6 35. Kf2 f5 36. Nc4 Ke7 37. Ne5 Kf6 38. Ke2 Kg7 39. Nc6 Kf6 40. Nxd4 Ke7 41. Ke3 Kd6 42. b4 Kd5 43. b5 axb5 44. Nxb5 Kc6 45. a4 Kb6 46. d4 Kc6 47. Kd3 Kb6 48. Kc4 Kc6 49. d5+ Kd7 50. Kc5 Kc8 51. Kc6 Kd8 52. d6 Kc8 53. d7+ 1-0

[Event "GER-chT U12"]
[Site "Magdeburg"]
[Date "2015.12.28"]
[Round "3.2"]
[White "Voss, Torben"]
[Black "Gerold, Robin"]
[Result "1/2-1/2"]
[WhiteElo "1131"]
[BlackElo "1090"]
[PlyCount "180"]
[EventDate "2015.12.27"]
[EventType "team-swiss"]
[EventRounds "7"]
[EventCountry "GER"]
[SourceTitle "EXT 2017"]
[Source "ChessBase"]
[SourceDate "2016.10.25"]
[SourceVersion "1"]
[SourceVersionDate "2016.10.25"]
[SourceQuality "1"]
[WhiteTeam "Magdeburg Schachzwerge"]
[BlackTeam "Biberach"]
[WhiteTeamCountry "GER"]
[BlackTeamCountry "GER"]

1. e4 e5 2. Nf3 Nc6 3. d4 exd4 4. Bc4 h6 5. 0-0 Bc5 6. c3 dxc3 7. Bxf7+ Kxf7 8. Qd5+ Ke8 9. Qh5+ Kf8 10. Qxc5+ d6 11. Qxc3 Qf6 12. b3 Bg4 13. Qxf6+ Nxf6 14. Re1 Bxf3 15. gxf3 Ne5 16. Nd2 Kf7 17. f4 Nd3 18. Re3 Nxf4 19. Nc4 Rhe8 20. e5 dxe5 21. Rxe5 Rxe5 22. Nxe5+ Ke6 23. Bxf4 Kf5 24. Bg3 Ne4 25. Nc4 Nxg3 26. hxg3 b6 27. Re1 Kf6 28. f4 Rd8 29. g4 Rd4 30. Ne3 c5 31. Rd1 Re4 32. Kf2 Rxf4+ 33. Kg3 Re4 34. Rf1+ Kg6 35. Kf3 Re8 36. Rd1 Rf8+ 37. Kg3 Rf7 38. Nc4 Re7 39. Rd6+ Kh7 40. Kh4 Re2 41. a3 g5+ 42. Kg3 Re7 43. Rf6 Kg7 44. Rc6 Rd7 45. Nd6 Kh7 46. Nf5 Rd3+ 47. Kf2 Rxb3 48. Rxh6+ Kg8 49. Rg6+ Kf7 50. Rg7+ Kf6 51. Rxa7 c4 52. Rc7 b5 53. a4 bxa4 54. Rxc4 a3 55. Rc6+ Ke5 56. Rc5+ Ke4 57. Ng3+ Kf4 58. Rc4+ Ke5 59. Re4+ Kf6 60. Nh5+ Kf7 61. Ra4 Rb2+ 62. Ke3 a2 63. Ra7+ Ke6 64. Ra6+ Kd5 65. Kd3 Rg2 66. Ra5+ Kc6 67. Kc3 Rxg4 68. Rxa2 Rh4 69. Nf6 Rh3+ 70. Kd4 Rh4+ 71. Ke5 g4 72. Rg2 Kc5 73. Nxg4 Rh5+ 74. Ke4 Rh4 75. Kf4 Kd4 76. Kg3 Rh7 77. Rd2+ Kc3 78. Rf2 Rg7 79. Rf3+ Kd2 80. Rf4 Ke2 81. Re4+ Kd3 82. Re3+ Kd4 83. Rf3 Ke4 84. Rf4+ Kd3 85. Kf3 Re7 86. Rf5 Kd4 87. Rf4+ Kd5 88. Nf6+ Ke6 89. Ng8 Rf7 90. Rxf7 Kxf7 1/2-1/2

[Event "GER-chT U12"]
[Site "Magdeburg"]
[Date "2015.12.27"]
[Round "2.2"]
[White "Gerold, Robin"]
[Black "Brockhoff, Moritz"]
[Result "0-1"]
[WhiteElo "1090"]
[BlackElo "1497"]
[PlyCount "106"]
[EventDate "2015.12.27"]
[EventType "team-swiss"]
[EventRounds "7"]
[EventCountry "GER"]
[SourceTitle "EXT 2017"]
[Source "ChessBase"]
[SourceDate "2016.10.25"]
[SourceVersion "1"]
[SourceVersionDate "2016.10.25"]
[SourceQuality "1"]
[WhiteTeam "Biberach"]
[BlackTeam "Paderborn Blauer Springer"]
[WhiteTeamCountry "GER"]
[BlackTeamCountry "GER"]

1. e4 e6 2. d4 d5 3. e5 c5 4. c3 Qb6 5. Nf3 Nc6 6. a3 c4 7. Be2 Bd7 8. Nbd2 0-0-0 9. 0-0 Na5 10. Qc2 Kb8 11. Bd1 Rc8 12. b4 cxb3 13. Qb2 Ba4 14. Rb1 Ne7 15. Bxb3 Bxb3 16. Nxb3 Nxb3 17. Qxb3 Qxb3 18. Rxb3 Nc6 19. Bd2 Na5 20. Rbb1 Bxa3 21. Ra1 Nc4 22. Bc1 Be7 23. Ra2 Nb6 24. Bd2 Nc4 25. Rc1 Rc6 26. Be1 Rhc8 27. Nd2 Na3 28. Nb3 Nb5 29. Rac2 Bb4 30. c4 Bxe1 31. Rxe1 Rxc4 32. Rd2 Rb4 33. Nc5 Rc7 34. Red1 Nxd4 35. Rxd4 Rxd4 36. Rxd4 Rxc5 37. g3 Rc4 38. Rd3 b5 39. f4 b4 40. Rb3 a5 41. Kf1 a4 42. Rb1 b3 43. Ke1 Rc2 44. Ra1 Ra2 45. Rb1 Rxh2 46. Rd1 Rh1+ 47. Kd2 Rxd1+ 48. Kxd1 a3 49. Kc1 d4 50. Kb1 d3 51. Kc1 h5 52. Kb1 d2 53. Ka1 d1Q# 0-1

[Event "GER-chT U10"]
[Site "Magdeburg"]
[Date "2013.12.28"]
[Round "5.3"]
[White "Gerold, Robin"]
[Black "Conradi, Jonas"]
[Result "1/2-1/2"]
[WhiteElo "995"]
[BlackElo "794"]
[PlyCount "40"]
[EventDate "2013.12.27"]
[EventType "team-swiss"]
[EventRounds "5"]
[EventCountry "GER"]
[SourceTitle "EXT 2015"]
[Source "ChessBase"]
[SourceDate "2014.11.20"]
[SourceVersion "1"]
[SourceVersionDate "2014.11.20"]
[SourceQuality "1"]
[WhiteTeam "Biberach"]
[BlackTeam "Breitenworbis"]
[WhiteTeamCountry "GER"]
[BlackTeamCountry "GER"]

1. e4 e6 2. Nc3 c6 3. Nf3 d5 4. exd5 cxd5 5. Bb5+ Bd7 6. Bxd7+ Nxd7 7. d4 Bb4 8. Bd2 Ngf6 9. a3 Bxc3 10. Bxc3 0-0 11. 0-0 Ne4 12. Qd3 f5 13. Bb4 Rf7 14. h3 a5 15. Bd2 b6 16. Qe3 Qe7 17. Ng5 Qxg5 18. Qxg5 Nxg5 19. Bxg5 h6 20. Bf4 Rc8 1/2-1/2

[Event "GER-chT U10"]
[Site "Magdeburg"]
[Date "2013.12.28"]
[Round "4.3"]
[White "Kahlsdorf, Hendrik"]
[Black "Gerold, Robin"]
[Result "0-1"]
[WhiteElo "898"]
[BlackElo "995"]
[PlyCount "92"]
[EventDate "2013.12.27"]
[EventType "team-swiss"]
[EventRounds "5"]
[EventCountry "GER"]
[SourceTitle "EXT 2015"]
[Source "ChessBase"]
[SourceDate "2014.11.20"]
[SourceVersion "1"]
[SourceVersionDate "2014.11.20"]
[SourceQuality "1"]
[WhiteTeam "Braunschweig"]
[BlackTeam "Biberach"]
[WhiteTeamCountry "GER"]
[BlackTeamCountry "GER"]

1. e4 e5 2. Nf3 Nc6 3. d4 d6 4. Nc3 Nf6 5. Bg5 h6 6. Bh4 Be7 7. Bb5 a6 8. Bc4 g5 9. Bg3 Bg4 10. h3 Bh5 11. 0-0 Nxd4 12. Re1 Bxf3 13. gxf3 Qd7 14. Kg2 h5 15. Rg1 h4 16. Bh2 0-0-0 17. a3 c6 18. b4 d5 19. Bd3 dxe4 20. fxe4 Rhg8 21. Kf1 g4 22. hxg4 Rxg4 23. Be2 Rxg1+ 24. Kxg1 Nxe2+ 25. Qxe2 Rg8+ 26. Kf1 Qh3+ 27. Ke1 Qxc3+ 28. Qd2 Qxa1+ 29. Ke2 Nxe4 30. Qd3 Qd4 31. Qxd4 exd4 32. Kd3 Nxf2+ 33. Kxd4 h3 34. a4 Rg2 35. Be5 Bxb4 36. c4 h2 37. Bxh2 Rxh2 38. c5 Rh4+ 39. Ke5 Bxc5 40. a5 Kd7 41. Kf6 Rh5 42. Kxf7 Rf5+ 43. Kg8 Ke7 44. Kh7 Kf7 45. Kh6 Ne4 46. Kh7 Rh5# 0-1

[Event "GER-chT U10"]
[Site "Magdeburg"]
[Date "2013.12.27"]
[Round "1.3"]
[White "Gerold, Robin"]
[Black "Seibt, Bruno"]
[Result "1-0"]
[WhiteElo "995"]
[BlackElo "767"]
[PlyCount "101"]
[EventDate "2013.12.27"]
[EventType "team-swiss"]
[EventRounds "5"]
[EventCountry "GER"]
[SourceTitle "EXT 2015"]
[Source "ChessBase"]
[SourceDate "2014.11.20"]
[SourceVersion "1"]
[SourceVersionDate "2014.11.20"]
[SourceQuality "1"]
[WhiteTeam "Biberach"]
[BlackTeam "Oberland II"]
[WhiteTeamCountry "GER"]
[BlackTeamCountry "GER"]

1. e4 e5 2. Nf3 Nc6 3. Bb5 Nf6 4. d3 a6 5. Bxc6 dxc6 6. 0-0 Bd6 7. Nc3 0-0 8. Bg5 Be6 9. Qe2 Qe7 10. Rad1 b5 11. a3 c5 12. b4 cxb4 13. axb4 Bxb4 14. Qd2 Rad8 15. Nxe5 c5 16. Nc6 Qd7 17. Nxd8 Qxd8 18. e5 h6 19. Bh4 c4 20. exf6 gxf6 21. h3 Kg7 22. Rfe1 Bf5 23. Re3 Bg6 24. dxc4 Qxd2 25. Rxd2 Bxc3 26. Rxc3 bxc4 27. Rxc4 f5 28. Rd8 Rxd8 29. Bxd8 f6 30. Rc6 f4 31. Bxf6+ Kh7 32. Rxa6 Bxc2 33. Ra4 Bxa4 34. Be5 f3 35. gxf3 Bc6 36. Kg2 Kg6 37. Kg3 Kf5 38. f4 Kg6 39. f3 h5 40. h4 Bd7 41. Bd6 Kf6 42. Bf8 Kf7 43. Bh6 Bf5 44. Bg5 Kg7 45. Kf2 Kf7 46. Ke3 Ke6 47. Kd4 Bh3 48. Ke4 Bf5+ 49. Ke3 Kd5 50. Bf6 Bg6 51. Be5 1-0